000 00773nam a2200301Ia 4500
008 171120s9999 xx 000 0 und d
020 _a753406292
050 _a551.4
050 _bG131 1993
100 _aGaff, Jackie
245 _aI wonder why mountains have snow on top :
245 _band other questions about mountains /
245 _cby Jackie Gaff.
260 _aLondon :
260 _bKingfisher,
260 _c1993
300 _a32 pages :
300 _bcolor illustrations ;
300 _c29cm.
440 _aI wonder why.
650 _aMountains --
650 _aMountains --
650 _aQuestions and answers.
650 _xMiscellanea -- Juvenile literature.
650 _xMiscellanea.
700 _aSeries.
700 _aTitle.
999 _c344971
_d344971